000 00565nam a2200229Ia 4500
003 OSt
005 20221005124928.0
006 a|||||r|||| 00| 0
007 ta
008 221004b |||||||| |||| 00| 0 mal d
024 _a56328
037 _cTextual
040 _aCRL
_cCRL
_bmal
041 _2mal
_amal
082 _aO32,3:gN5, K8
100 _aSurendran
_9207204
245 0 _aNovelwaroopam
260 _c1968
650 _aMALAYALAM LITERATURE
_938866
942 _hO32,3:gN5, K8
_cTEXL
_2cc
999 _c1052172
_d1052172